Follow That Line: Harry Potter - Chamber of Secrets Quiz Stats

Quiz Updated Jul 30, 2016

Score 0/24 Timer 08:00
0 Plays Today
% Correct
Dobby is free!
94.5%
Why couldn't it be 'follow the butterflies'?
94%
The Chamber of Secrets has indeed been opened again.
93.2%
Look at your tail!
91.9%
You call this a house?
91.8%
Some ruddy bird called Errol.
91.1%
Yes, well ... just leave him there.
90.9%
Bad, Dobby!
90.1%
For many months now, my new target... has been you.
89.2%
No one asked your opinion, you filthy little Mudblood!
89.1%
Tell me, what exactly is the function of a rubber duck?
89.1%
Say goodbye to your memories.
89%
% Correct
There is a plot, a plot to make the most terrible things happen.
88.4%
Oh, and about time, too!
88.1%
And it fell through the top of my head.
87.4%
You're welcome to share my toilet.
87.2%
Dobby had to iron his hands.
87.2%
Your skills, after all, are legend.
87.1%
Be thankful it's not your neck.
85.3%
You're wrong.
85.3%
Now, now, Draco. Play nicely.
84.1%
Much more flexible, though...
80.7%
It’s an odd sort of place this, isn’t it? Do you live here?
79.3%
We'll be sending Potter to the hospital wing in a matchbox.
78%

You're not logged in!

Compare scores with friends on all Sporcle quizzes.
Sign Up with Email
OR
Log In

You Might Also Like...

Show Comments

Extras

Top Quizzes Today


Score Distribution

Your Account Isn't Verified!

In order to create a playlist on Sporcle, you need to verify the email address you used during registration. Go to your Sporcle Settings to finish the process.